Snina

Zobrazenie: Pohľady na budovy, sídlisko, sochu sv . Juraja a mesto

Bibliographic Details
Other Authors: Sekal, Josef, 1936- (Photographer)
Format: Photo
Language:Slovak
PhysicalDescription:1 pohľadnica (5 čiastkových pohľadov) farebná 10 x 15 cm
Published: Praha Orbis [1973?]
Subjects:

MARC

LEADER 00000ckm a2200000 a 4500
001 vtls011773187
003 SK-MaSNL
005 20260331211720.0
007 kf co
008 230718q1973 xr g kuslo
015 |a SNBG1973 
035 |a urn:nbn:sk:snk-km00dmn8 
035 |a urn:nbn:sk:snk-km3m0lv 
035 |a D0EC85D6-A803-46AB-BA45-B40A9C807AFA 
040 |a SNK  |b slo  |c SNK  |e AACR2 
041 0 |a slo 
043 |a e-xo--- 
044 |a xr  |c CZ 
072 7 |a 913  |x Regionálna geografia  |2 konspekt 
080 |a 913(437.6)  |2 2011 
080 |a (084.121)  |2 2011 
100 1 |a Sekal, Josef,  |d 1936-  |4 pht  |9 83549 
245 1 0 |a Snina  |h grafika  |c foto J. Sekal 
260 |a Praha  |b Orbis  |c [1973?] 
300 |a 1 pohľadnica (5 čiastkových pohľadov)  |b farebná  |c 10 x 15 cm 
500 |a Názvové údaje prevzaté z obrazovej časti pohľadnice 
500 |a Na obrazovej časti pohľadnice je nápis " SNINA" na červenom podklade 
520 8 |a Zobrazenie: Pohľady na budovy, sídlisko, sochu sv . Juraja a mesto 
651 7 |a Snina (Slovensko)  |2 SNKPHgeo  |9 17361 
655 7 |a miestne pohľadnice  |2 SNKPH  |9 70510 
852 |a Slovenská národná knižnica 
954 |a pohľadnice cudzojazyčné (svetové)  |2 lita 
958 |a GBN 
958 |a GC 
958 |a OND 
958 |a EUIPO 
999 |c 1028580  |d 1030510 
952 |a SNK  |b SNK  |y PREZ  |7 0  |p 17A1297111  |o snkSP 94712  |z Pohľadnica prešla poštou.  |0 0  |1 0  |4 0  |d 2018-08-17  |f 1  |l 0  |r 2026-02-24 13:46:28  |w 2026-02-24